000 00680nam a22002177a 4500
003 UA-OsUOA
001 46606
007 ta
008 20070703b un ||||| |||| 00| 0 ukr d
100 _aБолдырев Ю.
090 _a330
_bБ-11
942 _cSA
040 _aUA-OsUOA
_brus
_cUA-OsUOA
_dUA-OsUOA
245 _aФормирование внешнего государственного финансового контороля в РФ: вопросы истории, организации и методологии
300 _aС.63-73
955 _a0
041 _arus
080 _a330
773 0 _w46605
650 7 _a330 Економіка взагалі
_2UDC
999 _c332697
_d332697